Những ngày cuối của dòng Mekong hùng vĩ
Tổng quan về logistics, doanh nghiệp logistics, quản trị logistics, vai trò của logistics với nền kinh tế và doanh nghiệp,...
שמור ב:
| מחבר ראשי: | |
|---|---|
| פורמט: | ספר |
| שפה: | Undetermined |
| יצא לאור: |
Hà Nội
Phụ nữ Việt Nam
2020
|
| נושאים: | |
| תגים: |
הוספת תג
אין תגיות, היה/י הראשונ/ה לתייג את הרשומה!
|
| Thư viện lưu trữ: | Trung tâm Học liệu Trường Đại học Cần Thơ |
|---|
| LEADER | 00808nam a2200217Ia 4500 | ||
|---|---|---|---|
| 001 | CTU_239702 | ||
| 008 | 210402s9999 xx 000 0 und d | ||
| 020 | |c 298000 | ||
| 082 | |a 338.959 | ||
| 082 | |b E97 | ||
| 100 | |a Eyler, Brian | ||
| 245 | 0 | |a Những ngày cuối của dòng Mekong hùng vĩ | |
| 245 | 0 | |c Brian Eyler ; Nguyễn Đình Huỳnh dịch | |
| 260 | |a Hà Nội | ||
| 260 | |b Phụ nữ Việt Nam | ||
| 260 | |c 2020 | ||
| 520 | |a Tổng quan về logistics, doanh nghiệp logistics, quản trị logistics, vai trò của logistics với nền kinh tế và doanh nghiệp,... | ||
| 650 | |a Asia,Asia | ||
| 650 | |x Economic conditions,Điều kiện kinh tế | ||
| 910 | |b tttuyen | ||
| 980 | |a Trung tâm Học liệu Trường Đại học Cần Thơ | ||